आमर मेयेबेला (Record no. 1082653)

MARC details
000 -LEADER
fixed length control field 00644nam a2200193Ia 4500
008 - FIXED-LENGTH DATA ELEMENTS--GENERAL INFORMATION
fixed length control field 151119s9999||||xx |||||||||||||| ||und||
082 ## - DEWEY DECIMAL CLASSIFICATION NUMBER
Classification number 928.9144नसरि/आमार
082 ## - DEWEY DECIMAL CLASSIFICATION NUMBER
Item number GKKV30316
100 ## - MAIN ENTRY--PERSONAL NAME
Personal name नसरीन तस्लिमा
245 ## - TITLE STATEMENT
Title आमर मेयेबेला
260 ## - PUBLICATION, DISTRIBUTION, ETC. (IMPRINT)
Place of publication, distribution, etc पुणे
260 ## - PUBLICATION, DISTRIBUTION, ETC. (IMPRINT)
Name of publisher, distributor, etc मेहता पब्लीशिग हाउस
260 ## - PUBLICATION, DISTRIBUTION, ETC. (IMPRINT)
Date of publication, distribution, etc 2007
600 ## - SUBJECT ADDED ENTRY--PERSONAL NAME
Personal name नसरीन तस्लिमा
630 ## - SUBJECT ADDED ENTRY--UNIFORM TITLE
Uniform title आमर मेयेबेला
700 ## - ADDED ENTRY--PERSONAL NAME
Personal name नसरीन तस्लिमा
730 ## - ADDED ENTRY--UNIFORM TITLE
Uniform title आमर मेयेबेला
942 ## - ADDED ENTRY ELEMENTS (KOHA)
Koha item type Book
Holdings
Withdrawn status Lost status Damaged status Not for loan Home library Current library Date acquired Cost, normal purchase price Total Checkouts Full call number Barcode Date last seen Cost, replacement price Price effective from Koha item type
        G.K. Khandekar Vachanalaya, Mulund G.K. Khandekar Vachanalaya, Mulund 12/05/2013 0.00   GKKV30316 GKKV30316 11/19/2015 0.00 11/19/2015 Book